02381nam a2200361 a 4500001001200000003000800012006001900020007001500039008004100054010001700095020001500112020001800127020002700145040002100172035002100193050002300214082001500237100004800252245011900300250001200419260006800431300001500499504005100514505097900565533015201544650004201696650005001738655002901788710004001817710001701857856012601874999001902000ebr10486822CaPaEBRm u cr cn|||||||||090922s2009 dcu sb 001 0 eng d z 2009039468 z0875531938 z9780875531939 z9780875532561 (e-book) aCaPaEBRcCaPaEBR a(OCoLC)75471386914aRA652b.C68 2009eb04a174/.22221 aCoughlin, Steven S.q(Steven Scott),d1957-10aEthics in epidemiology and public health practiceh[electronic resource] :bcollected works /cSteven S. Coughlin. a2nd ed. aWashington, D.C. :bAmerican Public Health Association,cc2009. aiv, 153 p. aIncludes bibliographical references and index.0 aEthics in epidemiology at the end of the twentieth century : ethics, values, and mission statements -- Ethics in epidemiology : common misconceptions, paradoxes, and unresolved questions -- How many principles for public health ethics? -- Ethically optimized study designs in epidemiology -- Ethical issues in epidemiologic research and public health practice -- Ethics in cancer registries / with Gayle G. Clutter and Mary Hutton -- Organizational ethics and public health practice / with Drue H. Barrett and Richard E. Dixon -- Model curricula in public health ethics -- Ethics instruction at schools of public health in the United States / with Wendy Katz and Donald Mattison -- Using cases with contrary factual information to illustrate and facilitate ethical analysis -- New ethics guidelines for epidemiology : background and rationale / with Douglas L. Weed -- American College of Epidemiology ethics guidelines for epidemiologists / with Germaine Buck ... [et al.]. aElectronic reproduction.bPalo Alto, Calif. :cebrary,d2013.nAvailable via World Wide Web.nAccess may be limited to ebrary affiliated libraries. 0aEpidemiologistsxProfessional ethics. 0aPublic health personnelxProfessional ethics. 7aElectronic books.2local2 aAmerican Public Health Association.2 aebrary, Inc.40uhttp://site.ebrary.com/lib/rucke/Doc?id=10486822zAn electronic book accessible through the World Wide Web; click to view c228062d228062